| 000 | 00760nam a2200253 4500 | ||
|---|---|---|---|
| 003 | OSt | ||
| 005 | 20260423012522.0 | ||
| 006 | a | ||
| 008 | 240729b |||||||| |||| 00| 0 eng d | ||
| 020 | _a9780415486422 | ||
| 040 |
_aDWCL-Main lib. _cOC |
||
| 082 |
_2Second edition _aCirc. 618.9289 K33e 2010 |
||
| 100 | _aKendall, Philip C. | ||
| 245 | _aChildhood disorders / | ||
| 250 | _aSecond edition | ||
| 260 |
_aHove : _bPsychology Press, _cc2010. |
||
| 300 |
_ax, _b293 p. ; _c22 cm. |
||
| 504 | _aIncludes bibliographical references & indexes. | ||
| 650 | _a1. Child psychiatry. | ||
| 650 | _a2. Child psychopathology. | ||
| 650 | _a3. Mental illness. | ||
| 650 | _a4. Child psychotherapy. | ||
| 942 |
_2ddc _n0 _cBK-CIRC _eSecond edition _kCirc. |
||
| 999 |
_c2867 _d2867 |
||